Score 0/9 Timer 00:30
1 Play Today
% Correct
Latte
95.8%
Mocha
95.5%
Macchiato
92.9%
Americano
91.8%
Greek Frappé
89.2%
Ice Shot
81.5%
Flat White
75%
Bombón
44.4%
Zorro
39.6%

Today's Daily Dose

Remove Ads.
Support Sporcle.
Get the best of Sporcle when you Go Orange. This ad-free experience offers more features, more stats, and more fun while also helping to support Sporcle. Thank you for becoming a member.

You're not logged in!

Compare scores with friends on all Sporcle quizzes.
OR
Log In

Show Comments

Extras

Top Quizzes Today


Score Distribution

Your Account Isn't Verified!

In order to create a playlist on Sporcle, you need to verify the email address you used during registration. Go to your Sporcle Settings to finish the process.

Report this User

Report this user for behavior that violates our Community Guidelines.

Details: